| 000 | 00551nam a2200205Ia 4500 | ||
|---|---|---|---|
| 005 | 20250923144732.0 | ||
| 008 | 008 250917s9999 xx 000 0 eng d | ||
| 037 | _aTextual | ||
| 040 |
_aDSWL _beng _cDSWL |
||
| 041 |
_aeng _2eng |
||
| 084 | _qDSWL | ||
| 100 |
_aBloch, Herbert A. _9827868 |
||
| 245 | 0 |
_aDisorganization: Personal & social _cby Herbert A. Bloch |
|
| 260 |
_aNew York _bNew York Alfred A Knopf _c1953 |
||
| 300 | _axv,608,xp. | ||
| 365 |
_aUSD _b5 |
||
| 925 | _g5 | ||
| 942 | _cTEXL | ||
| 999 |
_c1442674 _d1442674 |
||